000 00370nam a22001217a 4500
999 _c1169
_d1169
005 20200825155658.0
008 200825b ||||| |||| 00| 0 eng d
020 _a0415047439
040 _cCML
245 _aTwo Grammatical Models of Modern English.
_cStuurman, F.
260 _aGreat Britain
_b Routledge
_c1990
942 _2ddc
_cBK
_e1st Edition
_h425
_mSTU